El transistor como amplificador de BF: paso final

Gorde:
Xehetasun bibliografikoak
Egile nagusia: Gelder, Erich (Egilea)
Erakunde egilea: Siemens Aktiengesellschaft (Egilea)
Formatua: Liburua
Hizkuntza:gaztelania
Argitaratua: Barcelona Marcombo; Berlín - Siemens Aktiengesellschaft 1988
Saila:EP, 19
Gaiak:
Etiketak: Etiketa erantsi
Etiketarik gabe, Izan zaitez lehena erregistro honi etiketa jartzen!

MARC

LEADER 00000nam a2200000 a 4500
001 UCV6211
003 CL-VaPUC
008 900410e19880000SP |||||||||||||||||spa|d
082 0 4 |a 621.3815  |b GEL  |2 21 
100 |a Gelder, Erich  |e author  |9 364166 
110 2 |a Siemens Aktiengesellschaft  |e author  |9 300445 
245 1 3 |a El transistor como amplificador de BF: paso final 
300 |a 71 p 
942 |c BK 
945 |d 19900410 00:00:00 
260 |a Barcelona  |b Marcombo; Berlín - Siemens Aktiengesellschaft  |c 1988 
650 7 |a TRANSISTORES ENSEÑANZA PROGRAMADA  |2 CL-VaPUC  |9 300446 
650 0 |a Amplificadores de transistores   |x Enseñanza programada   |9 300447 
583 |a last modification  |c 19900410 00:00:00  |k Rodrigo Vera 
490 0 |a EP, 19 
999 |c 212401  |d 212399 
952 |0 0  |1 0  |4 0  |6 621_381500000000000_GEL_1988  |7 0  |8 A  |9 193337  |a BIBING  |b BIBING  |d 2019-11-14  |i 2610892  |o 621.3815 GEL 1988  |p 2610892  |r 2025-01-20  |w 2019-11-14  |y BK  |k EIE